000 00498nmm a2200169Ia 4500
008 251105s9999||||xx |||||||||||||||||und||
020 _a9788471486622
041 _aspa
100 _aBarrio Ramirez, Pablo
245 0 _aEl Sitio del Fin del Mundo
264 _a[Madrid, España] :
_bElkar,
_c[Fecha de publicación no identificada]
300 _a188 páginas
490 _aNarrativa
650 _aHistorical fiction
856 _uhttps://public.digitaliapublishing.com/a/100246
942 _cCF
999 _c84844
_d84844